Tous les Présidents du PSG / Paris - Statistiques

Statistiques générales
  • Ce quiz a été pris 17 fois
  • Le résultat moyen est 3 sur 17
Statistiques - réponses
Nationalité Réponse % Correct
Qatar Nasser al-Khelaïfi
73%
Française Michel Denisot
47%
Française Robin Leproux
33%
Française Daniel Hechter
27%
Française Francis Borelli
27%
Française Alain Cayzac
13%
Française Charles Biétry
13%
Française Charles Villeneuve
7%
Française Francis Graille
7%
Française Henri Patrelle
7%
Française Laurent Perpère
7%
Française Pierre-Étienne Guyot
7%
Française Benoît Rousseau
0%
Française Guy Crescent
0%
Française Pierre Blayau
0%
Française Sébastien Bazin
0%
Française Simon Tahar
0%
Aucun quiz correspondant
Distribution des résultats
% des personnes avec chaque résultat
Percentile par nombre de réponses
Votre historique - résultats
Vous n’avez pas pris ce quiz